[Event "Heraklion Gazi op"]
[Site "Heraklion"]
[Date "2006.09.03"]
[Round "4"]
[White "Kritsotakis, Michail"]
[Black "Vourvahaki, Maria"]
[Result "1-0"]
[WhiteElo "1140"]
[BlackElo "1005"]
[PlyCount "37"]
[EventDate "2006.08.31"]
[EventType "swiss"]
[EventRounds "7"]
[EventCountry "GRE"]
[SourceTitle "EXT 2008"]
[Source "ChessBase"]
[SourceDate "2007.11.25"]
[SourceVersion "1"]
[SourceVersionDate "2007.11.25"]
[SourceQuality "1"]

1. e4 e5 2. Nf3 Nc6 3. d4 exd4 4. Nxd4 Nxd4 5. Qxd4 c5 6. Qd1 Nf6 7. Nc3 Bd6 8. Qxd6 Qa5 9. Bd2 Qb4 10. e5 Ne4 11. a3 Qxb2 12. Rb1 Qxc2 13. Qd3 Qxd3 14. Bxd3 Nxc3 15. Bxc3 b6 16. 0-0 g5 17. Bc4 Bb7 18. e6 fxe6 19. Bxh8 1-0